000 00332nam a22001217a 4500
008 230621b xxu||||| |||| 00| 0 eng d
082 _a328.06
_bIPU
100 _cIPU
245 _aActivities of the Inter-Parliamentary Union in 2008
_bAnnual Report of the Secretary General
260 _bIPU
_c2009
300 _a60p
942 _2ddc
_cBK
999 _c2073
_d2073